00962nam a2200265 a 450000100060000000300080000600500170001400800410003102000150007203500190008704000350010604100080014108200260014924500700017526000500024530000600029549000240035550400190037965000390039865100700043770000380050794200120054599900170055795201220057422499BD-RjUL20211209000820.0140308s1960 enkabch 000 0 eng d a0356118142 a(BD-RjUL)22564 aBD-RjULbengcBD-RjULdBD-RjUL aeng a946.083219bSPA 196010aSpain L'Espagne Spanien /cwith an introduction by Delano Ames. aLondon : bAnglo-Italian Publication, c1960. a223 p., 99 leaves of plates : bchiefly ill. ; c24 cm.0 aMacdonald countries aIncludes index a Spain -- Pictorial works. 969489 0aSpainxSocial life and customsy1951-xJuvenile literature969490 aAmes ,Delano qDelano Ames969491 2ddccBK c22499d22499 00102ddc40728NFICaRUCLbRUCLcReadingd2014-03-08l0o946.083 SPA 1960r2014-03-08 00:00:00tC-1w2014-03-08yBK